Kavkaz : [rafting, treking, cyklistika, alpinismus] /

Hlavní autor: Pecold, Lumír, 1954-
Jazyk: Čeština
Vydáno: Frýdek-Místek : Ppress, 1999
Vydání: 1. vyd.
Témata:
Externí odkaz: Digitalizovaný dokument
Fyzický popis: 192 s. : il. (větš. barev., m. ; 23 cm
Knihy
Uloženo v:
LEADER 01122nam a2200313 a 4500
001 000395569
003 CZ BrMZK
005 19980115143423.0
007 ta
008 980115s1999 xr f cze d
015 |a cnb000655761 
020 |a 80-901249-9-2 
035 |a (OCoLC)41831906 
040 |a BOA001  |b cze 
080 |a 885.0-992  |2 MRF 
080 |a 908.479  |2 MRF 
100 1 |a Pecold, Lumír,  |d 1954-  |7 jx20031217008  |4 aut  |4 pht 
245 1 0 |a Kavkaz :  |b [rafting, treking, cyklistika, alpinismus] /  |c [text a fotografie] Lumír Pecold 
250 |a 1. vyd. 
260 |a Frýdek-Místek :  |b Ppress,  |c 1999 
300 |a 192 s. :  |b il. (větš. barev., m. ;  |c 23 cm 
500 |a Dostupné též v digitální podobě v aplikaci Kramerius 
653 0 |a Kavkaz 
655 7 |a cestopisy  |7 fd131956  |2 czenas 
856 4 1 |u http://www.digitalniknihovna.cz/mzk/uuid/uuid:971f5ce0-3dd8-11ef-aec7-5ef3fc9bb22f  |y Digitalizovaný dokument  |x NDK 
910 |a BOA001  |b 2-1055.804 
964 |a Kavkaz  |x cestopisy 
990 |a BK 
996 6 |b 2610086683  |c 2-1055.804  |l MZK  |r Sklad / do 1 hodiny  |n 12  |p p.v.  |w 000395569  |u 000010  |a 1  |e BOA001  |j MZK50  |s P